00469cam a22001692 4500001001100000005001700011008004100028040001500069245005200084250001300136260003300149300001200182500003100194651003200225710003900257852000300296000001282420151217155852.0090322s xx 000 0 eng d aKABUcKABU14aThe Kenya manual 1924 /cEast African Standard. a1st ed. aNairobi :bE. A. S.,c[1924] a256 p. aReprinted from "Red book". 0aKenyaxHistory.@00001487272 aEast African Standard.@00001697771